Textos de los grandes filósofos: edad moderna
Tallennettuna:
| Päätekijä: | |
|---|---|
| Aineistotyyppi: | Kirja |
| Kieli: | espanja |
| Julkaistu: |
Barcelona
Herder
1982
|
| Painos: | 4a. ed |
| Sarja: | Curso de Filosofía Tomista, 14
|
| Aiheet: | |
| Tagit: |
Lisää tagi
Ei tageja, Lisää ensimmäinen tagi!
|
MARC
| LEADER | 00000cam a2200000 a 4500 | ||
|---|---|---|---|
| 001 | UCE6579 | ||
| 003 | CL-VaPUC | ||
| 008 | 150423e19820000sp |||||||||||||||||spa|d | ||
| 020 | |a 8425409144 | ||
| 082 | 0 | 4 | |a 190 |b VER |2 21 |
| 100 | 0 | |a Verneaux, Roger |e author |9 579232 | |
| 245 | 1 | 0 | |a Textos de los grandes filósofos: edad moderna |
| 250 | |a 4a. ed | ||
| 300 | |a 183 p | ||
| 942 | |c BK | ||
| 945 | |d 20150423 11:40:00 |a arojas | ||
| 260 | |a Barcelona |b Herder |c 1982 | ||
| 650 | 0 | |a Filosofía moderna |9 258121 | |
| 650 | 0 | |a Escuelas filosóficas |9 266232 | |
| 583 | |a last modification |c 20170531 12:52:37 |k Rodrigo Vera | ||
| 490 | 0 | |a Curso de Filosofía Tomista, 14 | |
| 999 | |c 358875 |d 358873 | ||
| 952 | |0 0 |1 0 |3 erb |4 0 |6 190_000000000000000_VER_1982 |7 0 |8 A |9 467817 |a BIBEDU |b BIBEDU |e Villagrán Garnham, Jorge |i 5170958 |o 190 VER 1982 |p 5170958 |r 2019-11-23 |w 2019-11-23 |y BK |z Catalogado en:20150423 |k FIL | ||